Southville International School and Colleges
Your cart is empty.
  • Cart
  • Lists
    Public lists Eva Luna New books Lux_list list_1
    Your lists Log in to create your own lists
  • Log in to your account
  • Your cookies
  • Search history
Southville International School and Colleges
  • Advanced search
  • Recent comments
  • Most popular
  • Libraries

Log in to your account

Log in with GOOGLE


If you do not have an external account, but do have a local account, you can still log in:

  1. Home
  2. MARC view: Journey to Jo'burg :
Normal view MARC view ISBD view

Journey to Jo'burg : (Record no. 33350)

[ view plain ]
MARC details
000 -LEADER
fixed length control field 00948cam a22003250a 4500
001 - CONTROL NUMBER
control field 882180
003 - CONTROL NUMBER IDENTIFIER
control field OSt
005 - DATE AND TIME OF LATEST TRANSACTION
control field 20140310184249.0
008 - FIXED-LENGTH DATA ELEMENTS--GENERAL INFORMATION
fixed length control field 930303s1986 nyuab j 000 1 eng|5
010 ## - LIBRARY OF CONGRESS CONTROL NUMBER
Canceled/invalid LC control number 85045508
020 ## - INTERNATIONAL STANDARD BOOK NUMBER
International Standard Book Number 00694402371
020 ## - INTERNATIONAL STANDARD BOOK NUMBER
International Standard Book Number 0397321694 (lib. bdg.)
035 ## - SYSTEM CONTROL NUMBER
Canceled/invalid control number U00015027147
040 ## - CATALOGING SOURCE
Original cataloging agency ACN
Transcribing agency ACN
Modifying agency UtOrBLW
050 ## - LIBRARY OF CONGRESS CALL NUMBER
Classification number PZ 7
Item number .N1384J 1986
100 1# - MAIN ENTRY--PERSONAL NAME
Personal name Naidoo, Beverley.
9 (RLIN) 26745
245 10 - TITLE STATEMENT
Title Journey to Jo'burg :
Remainder of title a South African story /
Statement of responsibility, etc by Beverley Naidoo ; illustrations by Eric Velasquez.
260 ## - PUBLICATION, DISTRIBUTION, ETC. (IMPRINT)
Place of publication, distribution, etc [New York] :
Name of publisher, distributor, etc HarperCollins,
Date of publication, distribution, etc 1986.
300 ## - PHYSICAL DESCRIPTION
Extent 80 p. :
Other physical details ill., map ;
Dimensions 24 cm.
520 ## - SUMMARY, ETC.
Summary, etc
521 ## - TARGET AUDIENCE NOTE
Target audience note
526 ## - STUDY PROGRAM INFORMATION NOTE
Reading level 760
650 #0 - SUBJECT ADDED ENTRY--TOPICAL TERM
Topical term or geographic name as entry element Blacks
Geographic subdivision South Africa
Form subdivision Fiction.
9 (RLIN) 26746
651 #0 - SUBJECT ADDED ENTRY--GEOGRAPHIC NAME
Geographic name South Africa
General subdivision Race relations
Form subdivision Fiction.
9 (RLIN) 26747
690 ## - LOCAL SUBJECT ADDED ENTRY--TOPICAL TERM (OCLC, RLIN)
Topical term or geographic name as entry element Juvenile.
9 (RLIN) 19009
700 1# - ADDED ENTRY--PERSONAL NAME
Personal name Velasquez, Eric.
9 (RLIN) 26748
942 ## - ADDED ENTRY ELEMENTS (KOHA)
Source of classification or shelving scheme Library of Congress Classification
Koha item type
Holdings
Withdrawn status Lost status Source of classification or shelving scheme Damaged status Home library Current library Shelving location Date acquired Total Checkouts Full call number Barcode Date last seen Copy number Price effective from Koha item type
    Library of Congress Classification   Luxembourg Library Luxembourg Library Scholastic Reading Center Section 04/21/2012   PZ 7 .N1384J 1988 LEX2479 04/18/2017 1 01/30/2014 Books
    Library of Congress Classification   Luxembourg Library Luxembourg Library Scholastic Reading Center Section 10/09/2013   PZ 7 .N1384J 1988 LEX2480 04/18/2017 2 10/09/2013 Books

Journey to Jo'burg :

APA

Naidoo B., Velasquez E., . (1986). Journey to Jo'burg. [New York]: HarperCollins.

Chicago

Naidoo Beverley, Velasquez Eric, . 1986. Journey to Jo'burg. [New York]: HarperCollins.

Harvard

Naidoo B., Velasquez E., . (1986). Journey to Jo'burg. [New York]: HarperCollins.

MLA

Naidoo Beverley, Velasquez Eric, . Journey to Jo'burg. [New York]: HarperCollins. 1986.

  • Place hold
  • Print
  • Cite
  • Add to your cart (remove)
  • Save record
    BIBTEX Dublin Core MARCXML MARC (non-Unicode/MARC-8) MARC (Unicode/UTF-8) MARC (Unicode/UTF-8, Standard) MODS (XML) RIS
  • More searches
    Search for this title in:
    Other Libraries (WorldCat) Other Databases (Google Scholar) Online Stores (Bookfinder.com) Open Library (openlibrary.org)

Exporting to Dublin Core...

SOUTHVILLE LIBRARY

Southville International School and Colleges Library

1281 Tropical Ave. Cor. Luxembourg St., BF Homes International, Las Pinas City

Tel. No. 8256374 / 252358 Loc. 117/146

Powered by Koha